| 000 | 01329cam a2200241 4500 | ||
|---|---|---|---|
| 001 | ABS68028 | ||
| 008 | 040722n2004 000 0 eng u | ||
| 035 | _a(Sirsi) u126901 | ||
| 100 | _aJohnstone, F. | ||
| 245 | _aHuman baggage | ||
| 260 | _c2004 | ||
| 490 |
_aEstates Gazette _v(0428) 10 July 2004, 172-173(2) |
||
| 520 | _aDiscusses the effects of the Transfer of Undertakings (Protection of Employment) Regulations 1981 (TUPE) which implement the acquired rights directive (Directive 77/187/EEC). The regulations govern the transfer of employees contracts in the undertaking to the successor employer. Points out when TUPE applies and that "Schmidt v Spar und Leihkasse der Fruheren Amter Bordesholm Kiel und Cronshagen" (C392/92, [1994] IRLR 302) should be considered. Further, gives questions and answers to various points on this issue such as the effects of a transfer on employment contracts and the effect on TUPE law of individual cases. | ||
| 590 | _aABS | ||
| 590 | _aABS | ||
| 650 | _aTRANSFER OF UNDERTAKINGS PROTECTION OF EMPLOYMENT REGULATIONS | ||
| 650 | _aDIRECTIVE 77/187/EEC | ||
| 650 |
_aProperty management _96262 |
||
| 650 | _aOUTSOURCING | ||
| 650 | _aSCHMIDT V SPAR UND LEIHKASSE DER FRUHEREN AMER BORDESHOLM KIEL UND CRONSHAGEN | ||
| 690 |
_aFACILITIES MANAGEMENT _96240 |
||
| 942 | _n0 | ||
| 999 |
_c117753 _d117753 |
||